| 000 | 00949cam a2200301 a 4500 | ||
|---|---|---|---|
| 001 | 17385764 | ||
| 003 | PILC | ||
| 005 | 20151106084330.0 | ||
| 008 | 120713s2014 maua b 001 0 eng | ||
| 010 | _a 2012028016 | ||
| 020 | _a9781292056517 | ||
| 040 |
_aDLC _cDLC |
||
| 042 | _apcc | ||
| 050 | 0 | 0 |
_aHF5636 _b.N63 2015 |
| 082 | 0 | 0 | _a657 |
| 100 | 1 | _aNobles, Tracie. | |
| 245 | 1 | 0 |
_aHorngren's accounting / _cTracie Nobles, Brenda Mattison, Ella Mae Matsumara. |
| 250 | _a10th edition. | ||
| 260 |
_aBoston : _bPearson, _c2015. |
||
| 300 |
_axxv, 1797 pages : _bcolor illustrations ; _c29 cm. |
||
| 500 | _aIncludes bibliographical references and index. | ||
| 650 | 0 | _aAccounting. | |
| 700 | 1 | _aMattison, Brenda. | |
| 700 | 1 | _aMatsumara, Ella Mae. | |
| 906 |
_a7 _bcbc _corignew _d1 _eecip _f20 _gy-gencatlg |
||
| 942 |
_2lcc _cBK _kFOR |
||
| 999 |
_c288953 _d288953 |
||